00289nam a2200109Ia 4500008004100000020001800041100002200059245003000081260001600111500002400127650002800151230524s9999 xx 000 0 und d a9781476511557 aDavid J. Schwartz 4aThe Magic of Thinking Big bPocket Book aQuantity Number: 1 aPersonality Development